[Event "Druzynowe Mistrzostwa Polski Juniorow - I Liga 2023"]
[Site "Lublin"]
[Date "1899-12-30"]
[Round "3.7"]
[White "Jedraszek, Pawel"]
[Black "Dziendziel, Mateusz"]
[Result "0-1"]
[WhiteTitle "I++"]
[BlackTitle "I++"]
[WhiteElo "2057"]
[BlackElo "2091"]

1. e4 c5 2. Nf3 d6 3. d4 cxd4 4. Nxd4 Nf6 5. Nc3 Nc6 6. Bg5 e6 7. Qd2 a6 8. O-O-O
Bd7 9. f3 Nxd4 10. Qxd4 Be7 11. h4 Qc7 12. Kb1 b5 13. a3 Rb8 14. Be3 h5 15. Bg5
a5 16. Na2 Bc6 17. Bd3 O-O 18. g4 hxg4 19. Rdg1 Qb6 20. Qxb6 Rxb6 21. fxg4 Re8
22. Bxf6 Bxf6 23. c3 d5 24. Re1 d4 25. cxd4 Bxd4 26. b3 Rd8 27. Rd1 e5 28. Nc1
Bd7 29. Be2 Be6 30. Rd2 b4 31. a4 Rc6 32. Bd1 Rxc1+ 33. Kxc1 Be3 34. Rhh2 Rd4
35. Rhe2 Bf4 36. g5 g6 37. Bc2 Bg4 38. Rg2 Bh5 39. Rgf2 Be3 40. Bb1 Bg4 41. Bc2
Kf8 42. Bb1 Ke7 43. Bc2 Kd6 44. Bb1 Kc5 45. Bc2 Rxd2 46. Rxd2 Bf3 47. Bd3 Kd4
48. Kc2 Bxd2 49. Kxd2 Bxe4 50. Be2 Bd5 51. Kc2 Ke3 52. Bf1 Kf4 53. Be2 Kg3 54.
Bc4 Be4+ 55. Kd2 Kxh4 56. Ke3 Bc2 57. Bxf7 Kxg5 58. Kd2 Bf5 59. Ke3 Kf6 60. Bd5
Be6 0-1

[Event "Druzynowe Mistrzostwa Polski Juniorow - I Liga 2023"]
[Site "Lublin"]
[Date "1899-12-30"]
[Round "3.8"]
[White "Bala, Bartosz"]
[Black "Ugorek, Kacper"]
[Result "0-1"]
[WhiteTitle "II"]
[BlackTitle "I"]
[WhiteElo "1393"]
[BlackElo "1846"]

1. e4 c5 2. Nf3 d6 3. d4 cxd4 4. Nxd4 Nf6 5. Nc3 a6 6. Be2 e5 7. Nb3 Be7 8. f4
O-O 9. Be3 Nbd7 10. Qd2 b5 11. a3 Bb7 12. Bf3 Rc8 13. fxe5 Nxe5 14. O-O-O Nc4
15. Qe2 Nxe3 16. Qxe3 Nd7 17. Qe2 Ne5 18. Nd4 Bg5+ 19. Kb1 Rxc3 20. bxc3 Qa5 21.
Nf5 Qxa3 22. Nxd6 Be7 23. Nxb5 axb5 24. Qxb5 Rb8 25. Qb2 Qa7 26. Be2 Bc6 27. Bb5
Bd5 28. exd5 Nc4 0-1

[Event "Druzynowe Mistrzostwa Polski Juniorow - I Liga 2023"]
[Site "Lublin"]
[Date "1899-12-30"]
[Round "3.9"]
[White "Dobosiewicz, Dawid"]
[Black "Baran, Szymon"]
[Result "1-0"]
[WhiteTitle "I+"]
[BlackTitle "II+"]
[WhiteElo "1808"]
[BlackElo "1343"]

1. e4 c5 2. Nc3 e6 3. f4 Nc6 4. Nf3 d5 5. Bb5 a6 6. Bxc6+ bxc6 7. d3 Ne7 8. O-O
Qc7 9. Na4 Ng6 10. e5 Be7 11. c4 O-O 12. b3 f6 13. Qe1 fxe5 14. fxe5 Rf5 15. Qg3
Nxe5 16. Nxe5 Qxe5 17. Qxe5 Rxe5 18. Bf4 Rf5 19. Nb6 e5 20. Nxa8 exf4 21. a4 a5
22. cxd5 cxd5 23. Nc7 Bf6 24. Rae1 Bd4+ 25. Kh1 Be3 26. Nb5 Rf6 27. Rc1 Bb7 28.
d4 Bxc1 29. Rxc1 cxd4 30. Nxd4 Rf7 31. Re1 g6 32. Kg1 Ba6 33. Kf2 Rf8 34. Nc6
Bd3 35. Nxa5 Rc8 36. Kf3 Bc2 37. Kxf4 Rb8 38. Kg5 Bxb3 39. Rb1 Ra8 40. Nxb3 Rxa4
41. Nc5 Ra2 42. Rb8+ Kf7 43. Rb7+ Kg8 44. g4 Rxh2 45. Ne6 Re2 46. Nf4 Re1 47.
Nxd5 Kf8 48. Nf6 Rd1 49. Nxh7+ Kg8 50. Kxg6 1-0

[Event "Druzynowe Mistrzostwa Polski Juniorow - I Liga 2023"]
[Site "Lublin"]
[Date "1899-12-30"]
[Round "3.10"]
[White "Figa, Karolina"]
[Black "Goralski, Mateusz"]
[Result "0-1"]
[WhiteTitle "I++"]
[BlackTitle "II"]
[WhiteElo "1391"]
[BlackElo "1353"]

1. d4 Nf6 2. c4 g6 3. Nc3 Bg7 4. e4 d6 5. Nf3 O-O 6. Be2 e5 7. O-O Nbd7 8. d5 Nc5
9. Bg5 a5 10. Nd2 h6 11. Be3 Ne8 12. a3 f5 13. b4 Nd7 14. f3 f4 15. Bf2 g5 16.
c5 Ndf6 17. Nc4 axb4 18. axb4 Rxa1 19. Qxa1 g4 20. Qa8 g3 21. hxg3 fxg3 22. Bxg3
Nh5 23. Bf2 Nf4 24. g3 Nxe2+ 25. Nxe2 Rxf3 26. cxd6 Nxd6 27. Nxd6 cxd6 28. Rc1
Rf8 29. Qa7 Bg4 30. Qe3 Qd7 31. Kg2 Bf3+ 32. Kf1 Qb5 33. Rc7 Qxb4 34. Nc3 Qb2
35. Kg1 b5 36. Kh2 Qa1 37. Bg1 b4 38. Nb5 Qf1 0-1

[Event "Druzynowe Mistrzostwa Polski Juniorow - I Liga 2023"]
[Site "Lublin"]
[Date "1899-12-30"]
[Round "3.11"]
[White "Barwinska, Ewa"]
[Black "Obrochta, Lena"]
[Result "1-0"]
[WhiteTitle "WCM"]
[BlackTitle "I++"]
[WhiteElo "1953"]
[BlackElo "1639"]

1. e4 c5 2. Nf3 e6 3. d3 Nc6 4. g3 g6 5. Bg2 Bg7 6. Qe2 d6 7. c3 Nge7 8. O-O O-O
9. Na3 e5 10. Nc2 d5 11. exd5 Nxd5 12. Bg5 Qd6 13. Nd2 Bf5 14. Ne4 Bxe4 15. dxe4
Nb6 16. Rad1 Qc7 17. Be3 Ne7 18. b3 Rac8 19. a4 Kh8 20. Na3 a6 21. a5 Nd7 22.
Nc4 f5 23. Nd6 f4 24. Nxc8 Nxc8 25. Bc1 Nf6 26. b4 g5 27. Bf3 Qf7 28. bxc5 Qg6
29. h3 g4 30. hxg4 Bh6 31. gxf4 exf4 32. e5 Nxg4 33. Bxg4 f3 34. Qc4 Bf4 35. Qe6
Qg5 36. Bxf4 Qxf4 37. Rd4 Qg5 38. Rfd1 h5 39. Rd8 Rxd8 40. Rxd8+ Qxd8 41. Qh6+
1-0

[Event "Druzynowe Mistrzostwa Polski Juniorow - I Liga 2023"]
[Site "Lublin"]
[Date "1899-12-30"]
[Round "3.12"]
[White "Strzoda, Natalia"]
[Black "Skorupa, Antonina"]
[Result "1-0"]
[WhiteTitle "I"]
[BlackTitle "I"]
[WhiteElo "1294"]
[BlackElo "1203"]

1. e4 c5 2. Nf3 e6 3. d4 cxd4 4. Nxd4 a6 5. Bd3 Qc7 6. Be3 Bc5 7. Qg4 g6 8. Qe2
Qb6 9. Nb3 Bxe3 10. fxe3 Ne7 11. O-O e5 12. N1d2 d5 13. exd5 Nxd5 14. Nc4 Qc7
15. Qf3 Be6 16. Nbd2 b5 17. Be4 Qc5 18. b4 Qa7 19. Bxd5 Bxd5 20. Qxd5 bxc4 21.
Qxe5+ Kd7 22. Rxf7+ 1-0

[Event "Druzynowe Mistrzostwa Polski Juniorow - I Liga 2023"]
[Site "Lublin"]
[Date "1899-12-30"]
[Round "3.13"]
[White "Wieczorek, Mikolaj"]
[Black "Malinowski, Szymon"]
[Result "0-1"]
[WhiteTitle "I++"]
[BlackTitle "I++"]
[WhiteElo "1962"]
[BlackElo "1951"]

1. d4 d5 2. c4 e6 3. Nf3 c6 4. g3 Bd6 5. Bg2 f5 6. O-O Nf6 7. Bf4 Bxf4 8. gxf4
Nbd7 9. Nbd2 Qe7 10. Ne5 Nf8 11. e3 Ng6 12. Rb1 Bd7 13. b4 a6 14. a4 O-O 15. Qe2
Nxe5 16. dxe5 Ne4 17. Bxe4 fxe4 18. f3 exf3 19. Qxf3 b5 20. cxb5 cxb5 21. a5 Rac8
22. Qg3 Rc3 23. Qe1 Rfc8 24. Nf3 Be8 25. Nd4 Bg6 26. Rb2 Be4 27. Qg3 R8c4 28.
Qg4 Kf7 29. h4 Rxe3 30. Rd2 Rcc3 31. Kh2 g6 32. h5 Bf5 33. hxg6+ hxg6 34. Nxf5
exf5 35. Qg5 Qxg5 36. fxg5 Rxe5 37. Rfd1 Ke6 38. Rd4 Rc4 39. R4d3 Rxb4 40. Rh3
Ree4 41. Rc1 Rbc4 42. Rd1 Rh4 43. Re1+ Kd6 44. Re8 Rxh3+ 45. Kxh3 Rc6 46. Kg3
Kc5 47. Kf4 b4 48. Rb8 d4 49. Ke5 d3 50. Rb7 f4 51. Rd7 Kc4 52. Kxf4 Kc3 53. Ke3
Re6+ 0-1

[Event "Druzynowe Mistrzostwa Polski Juniorow - I Liga 2023"]
[Site "Lublin"]
[Date "1899-12-30"]
[Round "3.14"]
[White "Trzebinski, Patryk"]
[Black "Nagly, Wojciech"]
[Result "1/2-1/2"]
[WhiteTitle "I++"]
[BlackTitle "I"]
[WhiteElo "1934"]
[BlackElo "1817"]

1. e4 g6 2. d4 Bg7 3. Nc3 a6 4. Be3 d6 5. a4 b6 6. Bc4 Bb7 7. Nge2 Nd7 8. O-O e6
9. f3 Ne7 10. Qd2 O-O 11. d5 e5 12. Bh6 f5 13. Bxg7 Kxg7 14. f4 Nf6 15. Ng3 Nxe4
16. Ngxe4 fxe4 17. Nxe4 Nf5 18. Rae1 h6 19. Qc3 Qe7 20. Nd2 Rae8 21. Nf3 Nh4 22.
Nxh4 Qxh4 23. fxe5 Rxf1+ 24. Bxf1 Kg8 25. Bc4 Rf8 26. g3 Qg5 27. Qe3 Rf5 28. Qxg5
Rxg5 29. exd6 cxd6 30. Rd1 Rf5 31. Bd3 Rf6 32. c4 Kf7 33. b3 Ke7 34. Re1+ Kd7
35. Kg2 b5 36. axb5 axb5 37. Re4 bxc4 38. Bxc4 Rf5 39. g4 Bxd5 40. Bxd5 Rxd5 41.
Kf3 Rd3+ 42. Re3 Rd4 43. Re4 Rd2 44. h4 Rd3+ 45. Re3 Rd1 46. g5 hxg5 47. hxg5
Rg1 48. Kf4 Rf1+ 49. Rf3 Rb1 50. Kg3 Rg1+ 51. Kh4 Rh1+ 52. Kg4 1/2-1/2

[Event "Druzynowe Mistrzostwa Polski Juniorow - I Liga 2023"]
[Site "Lublin"]
[Date "1899-12-30"]
[Round "3.15"]
[White "Gibala, Adam"]
[Black "Zalewski, Witold"]
[Result "1-0"]
[WhiteTitle "I"]
[BlackTitle "II"]
[WhiteElo "1763"]
[BlackElo "1333"]

1. e4 c5 2. Nf3 Nc6 3. d4 cxd4 4. Nxd4 g6 5. Nc3 Bg7 6. Be3 Nf6 7. Nb3 O-O 8. Qd2
d6 9. f3 Be6 10. O-O-O a5 11. a4 Bxb3 12. cxb3 Rc8 13. Kb1 Nb4 14. Be2 Nd7 15.
g4 Nc5 16. Bc4 Qd7 17. Rc1 Rfd8 18. Rhd1 b6 19. h4 Nc6 20. Qe2 Ne5 21. Nd5 Qa7
22. Ka2 Nxc4 23. Qxc4 Rc6 24. Bg5 Re8 25. Qb5 Rcc8 26. h5 h6 27. Bd2 Rb8 28. hxg6
fxg6 29. g5 h5 30. f4 Qa6 31. Rxc5 Qxb5 32. Rxb5 1-0

[Event "Druzynowe Mistrzostwa Polski Juniorow - I Liga 2023"]
[Site "Lublin"]
[Date "1899-12-30"]
[Round "3.16"]
[White "Wons, Krystian"]
[Black "Dobrowolski, Kamil"]
[Result "0-1"]
[WhiteTitle "I"]
[BlackTitle "II"]
[WhiteElo "1331"]
[BlackElo "1539"]

1. d4 Nf6 2. c4 e6 3. Nc3 Bb4 4. Nf3 c5 5. Bf4 d5 6. dxc5 Ne4 7. Qc2 Nxc3 8. bxc3
Bxc5 9. e3 h6 10. Rd1 O-O 11. Bd3 Nc6 12. O-O Qe7 13. cxd5 exd5 14. Bf5 Rd8 15.
Bxc8 Raxc8 16. Qf5 Qe4 17. Qh5 Bd6 18. Bxd6 Rxd6 19. Nd4 Nxd4 20. Rxd4 Qe6 21.
Rd3 d4 22. cxd4 Qxa2 23. Rfd1 Rc2 24. Qh4 Rf6 25. Rf1 Rcxf2 26. Rdd1 Rxg2+ 27.
Kh1 Rxf1+ 28. Rxf1 Rg5 29. Qe4 Qd5 30. Qxd5 Rxd5 31. Rc1 Rd7 32. Rc8+ Kh7 33.
Kg2 Kg6 34. Kf3 Kf6 35. Rc4 b5 36. Rc5 Rb7 37. Ke4 a5 38. d5 Ke7 39. Rc6 b4 40.
Ra6 b3 41. d6+ Kd7 42. Rxa5 b2 43. Kd5 b1=Q 44. e4 Qd3+ 0-1

[Event "Druzynowe Mistrzostwa Polski Juniorow - I Liga 2023"]
[Site "Lublin"]
[Date "1899-12-30"]
[Round "3.17"]
[White "Kulczycka, Zofia"]
[Black "Skolska, Emilia"]
[Result "0-1"]
[WhiteTitle "I+"]
[BlackTitle "I++"]
[WhiteElo "1470"]
[BlackElo "1689"]

1. e4 e5 2. Nf3 Nc6 3. Bb5 f5 4. d3 fxe4 5. dxe4 Nf6 6. O-O Bc5 7. Bxc6 bxc6 8.
Nxe5 O-O 9. Nc3 d6 10. Na4 Qe8 11. Nxc5 Qxe5 12. Nd3 Qxe4 13. Re1 Qh4 14. f3 Bf5
15. Be3 Nd5 16. Bf2 Qg5 17. c4 Bxd3 18. Qxd3 Qxg2+ 19. Kxg2 Nf4+ 20. Kg1 Nxd3
21. Re7 Rf7 22. Rxf7 Kxf7 23. b3 a5 24. Rd1 Ne5 25. Kg2 a4 26. Bg3 axb3 27. Bxe5
Rxa2+ 28. Kg3 dxe5 29. Rd7+ Ke6 30. Rxc7 Kd6 31. Rxg7 b2 32. Rb7 Kc5 33. Kg4 Kxc4
34. Rb6 c5 35. Kf5 Kc3 36. Kxe5 Kc2 0-1

[Event "Druzynowe Mistrzostwa Polski Juniorow - I Liga 2023"]
[Site "Lublin"]
[Date "1899-12-30"]
[Round "3.18"]
[White "Tokarz, Gabriela"]
[Black "Klintsevich, Aliaksandra"]
[Result "0-1"]
[WhiteTitle "I++"]
[BlackTitle "I"]
[WhiteElo "1549"]
[BlackElo "1437"]

1. d4 d5 2. c4 dxc4 3. e3 Nf6 4. Bxc4 e6 5. Nf3 c5 6. O-O Nc6 7. Nc3 a6 8. a4 cxd4
9. exd4 Nb4 10. Bg5 Be7 11. Bxf6 Bxf6 12. a5 O-O 13. Qa4 Nc6 14. Rfd1 Bd7 15.
Qa2 Rc8 16. d5 Nxa5 17. dxe6 Nxc4 18. Rxd7 Qb6 19. e7 Rfe8 20. Nd5 Qxb2 21. Qxb2
Bxb2 22. Rd1 Ne5 23. Nxe5 Bxe5 24. f4 Bb8 25. Kf1 f6 26. Nb6 Rc7 27. Rd8 Rcxe7
28. R1d7 Bxf4 29. g3 Be5 30. Rxe8+ Rxe8 31. Rxb7 Rb8 32. Rxb8+ Bxb8 33. Ke2 Kf7
34. Kd3 Ke6 35. Nc4 g5 36. Na5 Bc7 37. Nb3 Bb6 38. g4 Ke5 39. Nd2 Bc7 40. Ne4
a5 41. h3 a4 42. Nc5 a3 43. Kc3 Bd6 44. Nd7+ Kf4 45. Kb3 Be7 0-1

[Event "Druzynowe Mistrzostwa Polski Juniorow - I Liga 2023"]
[Site "Lublin"]
[Date "1899-12-30"]
[Round "3.19"]
[White "Jaskiewicz, Kacper"]
[Black "Gradalski, Olaf"]
[Result "1-0"]
[WhiteTitle "I+"]
[BlackTitle "k"]
[WhiteElo "2006"]
[BlackElo "2061"]

1. e4 c6 2. Nc3 d5 3. Nf3 dxe4 4. Nxe4 Nf6 5. Qe2 Nxe4 6. Qxe4 Be6 7. b3 Bd5 8.
Qe3 Bxf3 9. Qxf3 Qd4 10. Rb1 Nd7 11. Bb2 Qc5 12. c4 e5 13. Bd3 g6 14. O-O Bg7
15. b4 Qe7 16. Rfe1 O-O 17. c5 Rfe8 18. Bc4 Qf6 19. Qb3 Qf5 20. f3 Nf8 21. g4
Qd7 22. Re3 b5 23. cxb6 axb6 24. b5 c5 25. Rbe1 Ne6 26. Bxe5 Nd4 27. Qd3 Bxe5
28. Rxe5 Rxe5 29. Rxe5 Re8 30. Rxe8+ Qxe8 31. Kg2 Qd7 32. a4 Qe7 33. Qe4 Qf6 34.
a5 bxa5 35. b6 Qd6 36. Qe8+ Kg7 37. Qxf7+ Kh6 38. h4 Nxf3 39. Qxf3 Qxd2+ 40. Kh3
1-0

[Event "Druzynowe Mistrzostwa Polski Juniorow - I Liga 2023"]
[Site "Lublin"]
[Date "1899-12-30"]
[Round "3.20"]
[White "Sputowski, Jakub"]
[Black "Kazmierowski, Tymon"]
[Result "0-1"]
[WhiteTitle "I"]
[BlackTitle "I++"]
[WhiteElo "1780"]
[BlackElo "1979"]

1. e4 c5 2. Nf3 d6 3. d4 cxd4 4. Nxd4 Nf6 5. Nc3 a6 6. g3 e5 7. Nde2 Be7 8. Bg2
b5 9. O-O Nbd7 10. h3 O-O 11. g4 b4 12. Nd5 Nxd5 13. Qxd5 Rb8 14. Ng3 Bb7 15.
Qd1 Nc5 16. Bd2 a5 17. a3 b3 18. Re1 a4 19. Bb4 bxc2 20. Qxc2 Nb3 21. Rad1 g6
22. Qd3 Qb6 23. Bc3 Ba6 24. Qe3 Nc5 25. Bf1 Bxf1 26. Nxf1 Qc6 27. Ng3 Bh4 28.
Kh2 Ne6 29. Qd3 Rfd8 30. Qd5 Qb6 31. Qd2 Bg5 32. Qe2 Nd4 33. Qd3 Nb5 34. Re2 Nxc3
35. Qxc3 Qb3 36. Qxb3 Rxb3 37. Kg2 Kf8 38. Nf1 Ke7 39. Ne3 Bxe3 40. fxe3 Ke6 41.
Kf2 f5 42. exf5+ gxf5 43. gxf5+ Kxf5 44. Kf3 d5 45. Rf1 Rg8 46. Kf2 Ke4 47. Rd1
Rf8+ 48. Kg2 Rd3 49. Red2 Rg8+ 50. Kf2 Rxe3 51. Rxd5 Rf3+ 52. Ke1 Rg1+ 53. Ke2
Rg2+ 54. Ke1 Rxh3 55. Kf1 Rxb2 56. Kg1 Rbh2 57. Rb5 Rh1+ 58. Kg2 Rxd1 59. Kxh3
Rd3+ 60. Kg4 Rxa3 0-1

[Event "Druzynowe Mistrzostwa Polski Juniorow - I Liga 2023"]
[Site "Lublin"]
[Date "1899-12-30"]
[Round "3.21"]
[White "Terkiewicz, Bruno"]
[Black "Liskiewicz, Jakub"]
[Result "1/2-1/2"]
[WhiteTitle "I++"]
[BlackTitle "I++"]
[WhiteElo "1873"]
[BlackElo "1970"]

1. d4 Nf6 2. c4 e6 3. Nf3 Bb4+ 4. Nbd2 O-O 5. g3 d6 6. Bg2 Qe7 7. O-O Bxd2 8. Bxd2
e5 9. Qc2 e4 10. Ne1 Bf5 11. Bg5 Nbd7 12. Qb3 h6 13. Bd2 c5 14. Nc2 Rab8 15. Ne3
Bg6 16. Bc3 a6 17. a4 Qe6 18. Rfd1 b5 19. axb5 axb5 20. d5 Qe7 21. cxb5 Rb7 22.
Nc4 Rfb8 23. Ra5 Ne8 24. Bh3 Bh5 25. Rd2 Nb6 26. Ne3 Bg6 27. Qa2 Nc7 28. Bf5 Nd7
29. b6 Rxb6 30. Ra7 R6b7 31. Bxg6 fxg6 32. Qa4 Rxa7 33. Qxa7 Nb5 34. Qa4 Qe8 35.
Ba5 Nd4 36. b4 Ne5 37. Qa2 Qd7 38. bxc5 dxc5 39. Bc3 Rf8 40. Bxd4 cxd4 41. d6+
Kh7 42. Rxd4 Rf6 43. Qd5 Nf7 44. Nc4 Ng5 45. Rxe4 Nh3+ 46. Kg2 Rxf2+ 47. Kh1 Rf1+
48. Kg2 Rg1+ 49. Kf3 Ng5+ 50. Kf2 Qa7+ 51. Re3 Qa1 52. Re8 Rf1+ 53. Ke3 Qc1+ 54.
Nd2 Qc3+ 55. Qd3 Qc5+ 56. Qd4 Qa3+ 57. Qd3 Qa7+ 58. Qd4 Qa3+ 59. Qd3 Qa7+ 60.
Qd4 Qa3+ 1/2-1/2

[Event "Druzynowe Mistrzostwa Polski Juniorow - I Liga 2023"]
[Site "Lublin"]
[Date "1899-12-30"]
[Round "3.22"]
[White "Przybylski, Jan"]
[Black "Rutkowski, Feliks"]
[Result "1-0"]
[WhiteTitle "I+"]
[BlackTitle "II"]
[WhiteElo "1767"]
[BlackElo "1431"]

1. e4 c5 2. Nf3 e6 3. d4 cxd4 4. Nxd4 Nc6 5. Nc3 Qc7 6. Be3 a6 7. Bd3 Nf6 8. O-O
Nxd4 9. Bxd4 Bc5 10. Bxc5 Qxc5 11. Qe2 d6 12. Kh1 b5 13. f4 Bb7 14. e5 dxe5 15.
fxe5 Nd7 16. Be4 Bxe4 17. Nxe4 O-O 1-0

[Event "Druzynowe Mistrzostwa Polski Juniorow - I Liga 2023"]
[Site "Lublin"]
[Date "1899-12-30"]
[Round "3.23"]
[White "Lukasik, Zuzanna"]
[Black "Mroz, Lena"]
[Result "1/2-1/2"]
[WhiteTitle "I++"]
[BlackTitle "I++"]
[WhiteElo "1712"]
[BlackElo "1691"]

1. e4 c5 2. Nf3 e6 3. g3 g6 4. Bg2 Bg7 5. c3 Ne7 6. d4 cxd4 7. cxd4 O-O 8. O-O
d5 9. e5 Nbc6 10. Nc3 b6 11. Re1 Qd7 12. Bf4 Ba6 13. Qa4 Qb7 14. Nb5 Bxb5 15.
Qxb5 Rac8 16. Rac1 Rc7 17. Bf1 Nb8 18. Rxc7 Qxc7 19. Rc1 Qb7 20. Qb4 Nbc6 21.
Qd2 h5 22. h4 Rc8 23. Bd3 Nf5 24. Bxf5 exf5 25. Bh6 Nd8 26. Rxc8 Qxc8 27. Qc1
Qxc1+ 28. Bxc1 f6 29. Kf1 Kf7 30. exf6 Bxf6 31. a3 Nc6 32. Be3 Na5 33. Ke2 Nc4
34. Bc1 Ke6 35. Kd3 Be7 36. Nd2 Nxd2 37. Bxd2 Bd6 38. f4 Kd7 39. Kc3 Kc6 40. Kb3
1/2-1/2

[Event "Druzynowe Mistrzostwa Polski Juniorow - I Liga 2023"]
[Site "Lublin"]
[Date "1899-12-30"]
[Round "3.24"]
[White "Lajdamik, Kinga"]
[Black "Siekanska, Zofia"]
[Result "1-0"]
[WhiteTitle "I++"]
[BlackTitle "II"]
[WhiteElo "1440"]
[BlackElo "1081"]

1. e4 e5 2. Nf3 Nc6 3. Bc4 Bc5 4. O-O Nf6 5. d4 Bxd4 6. Nxd4 Nxd4 7. f4 d6 8. fxe5
dxe5 9. Bg5 Qe7 10. Na3 Be6 11. c3 Bxc4 12. Nxc4 Ne6 13. Bxf6 gxf6 14. Ne3 Rd8
15. Qa4+ c6 16. b4 b5 17. Qa6 Qc7 18. Rxf6 Rd3 19. Nd5 Qd7 20. Rxe6+ Kf8 21. Rxc6
Rd2 22. Rc8+ Kg7 23. Qf6# 1-0

[Event "Druzynowe Mistrzostwa Polski Juniorow - I Liga 2023"]
[Site "Lublin"]
[Date "1899-12-30"]
[Round "3.25"]
[White "Bartnik, Michal"]
[Black "Kaliszuk, Kamil"]
[Result "0-1"]
[WhiteTitle "I"]
[BlackTitle "k"]
[WhiteElo "1580"]
[BlackElo "2249"]

1. e4 c6 2. d4 d5 3. Nc3 dxe4 4. Nxe4 Nf6 5. Nxf6+ exf6 6. c3 Bd6 7. Bd3 O-O 8.
Ne2 Re8 9. Qc2 h5 10. O-O h4 11. Be3 Nd7 12. Rfe1 Nf8 13. c4 g6 14. c5 Bc7 15.
Rad1 h3 16. Ng3 f5 17. Qd2 Ne6 18. f4 Qh4 19. Rf1 Ng7 20. Qf2 hxg2 21. Kxg2 Be6
22. Be2 Bxa2 23. Kg1 Bd5 24. Bd2 Ne6 25. Rc1 Qh3 26. Bc4 Nxf4 27. Bxd5 Nxd5 28.
Qf3 f4 29. Nh1 Qxf3 30. Rxf3 Re2 31. Rf2 Re4 32. Bc3 Rae8 33. Kf1 Bd8 34. Rf3
Bf6 35. Nf2 Re3 36. Kg2 Rxf3 37. Kxf3 Re3+ 38. Kg4 Bg7 39. Kh4 f5 40. Nh3 Bf6+
41. Ng5 Kg7 42. Rg1 Kh6 43. Rg2 f3 0-1

[Event "Druzynowe Mistrzostwa Polski Juniorow - I Liga 2023"]
[Site "Lublin"]
[Date "1899-12-30"]
[Round "3.26"]
[White "Czernecki, Andrzej"]
[Black "Borowik, Karol"]
[Result "1/2-1/2"]
[WhiteTitle "I"]
[BlackTitle "II"]
[WhiteElo "1796"]
[BlackElo "1597"]

1. e4 c5 2. Nf3 g6 3. d4 cxd4 4. Qxd4 Nf6 5. Nc3 Nc6 6. Qa4 d6 7. e5 dxe5 8. Nxe5
Bd7 9. Nxd7 Nxd7 10. Be3 Bg7 11. Be2 Bxc3+ 12. bxc3 O-O 13. Rd1 Qc7 14. O-O Rfd8
15. h4 Nb6 16. Qg4 Nd5 17. Bd2 Rac8 18. Bf3 Ne5 19. Qg3 Nxf3+ 20. Qxf3 Nxc3 21.
Bxc3 Rxd1 22. Rxd1 Qxc3 23. Qe4 Qc7 24. h5 Rd8 25. Rxd8+ Qxd8 26. hxg6 Qd1+ 27.
Kh2 Qh5+ 28. Kg1 Qd1+ 29. Kh2 Qh5+ 30. Kg1 Qd1+ 31. Kh2 Qh5+ 32. Kg1 Qd1+ 33.
Kh2 Qh5+ 34. Kg1 Qd1+ 35. Kh2 1/2-1/2

[Event "Druzynowe Mistrzostwa Polski Juniorow - I Liga 2023"]
[Site "Lublin"]
[Date "1899-12-30"]
[Round "3.27"]
[White "Jaszczuk, Piotr"]
[Black "Witczak, Borys"]
[Result "1/2-1/2"]
[WhiteTitle "II"]
[BlackTitle "I"]
[WhiteElo "1619"]
[BlackElo "1856"]

1. e4 c6 2. d4 d5 3. Nc3 dxe4 4. Nxe4 Nf6 5. Nxf6+ exf6 6. c3 Bd6 7. Bd3 O-O 8.
Ne2 Re8 9. O-O Nd7 10. Ng3 Nf8 11. f4 c5 12. d5 g6 13. c4 f5 14. Bd2 Be7 15. Bc3
Bf6 16. Bxf6 Qxf6 17. Qc2 Bd7 18. Qf2 Qd6 19. Rfd1 Re7 20. Bf1 Rae8 21. Rd3 b5
22. b3 a5 23. Rc3 b4 24. Rd3 a4 25. a3 bxa3 26. bxa4 Rb8 27. Rdxa3 Bc8 28. Re3
Rxe3 29. Qxe3 Nd7 30. Ne2 Ba6 31. Nc3 Qf6 32. Re1 Rb3 33. Rc1 Kg7 34. Qd2 Nb6
35. Nb5 Rb4 36. a5 Nxc4 37. Bxc4 Bxb5 38. Bxb5 Rxb5 39. d6 Rb4 40. Qc3 Qxc3 41.
Rxc3 Rd4 42. Rxc5 Rxd6 43. Rc1 Kf6 44. Ra1 Ra6 45. Kf2 Ke6 46. Ke3 Kd5 47. Kd3
f6 48. g3 g5 49. fxg5 fxg5 50. Rf1 f4 51. gxf4 Rxa5 52. fxg5 Ra3+ 53. Ke2 Ke4
54. Kf2 Rf3+ 55. Kg2 Rxf1 56. Kxf1 Kf4 57. Kf2 Kxg5 1/2-1/2

[Event "Druzynowe Mistrzostwa Polski Juniorow - I Liga 2023"]
[Site "Lublin"]
[Date "1899-12-30"]
[Round "3.28"]
[White "Rajbharath, Harjith"]
[Black "Toczylowski, Mateusz"]
[Result "1-0"]
[WhiteTitle "II"]
[BlackTitle "II"]
[WhiteElo "1449"]
[BlackElo "1140"]

1. d4 d5 2. Nf3 e6 3. c4 Nf6 4. Nc3 Be7 5. Bg5 O-O 6. e3 b6 7. Be2 Bb7 8. O-O Nbd7
9. Rc1 Rc8 10. cxd5 exd5 11. Bd3 c5 12. b3 Ne4 13. Bxe4 dxe4 14. Bxe7 Qxe7 15.
Nd2 cxd4 16. exd4 Nf6 17. Re1 Rfd8 18. Ndxe4 Nxe4 19. Nxe4 Bxe4 20. f3 Rxc1 21.
Qxc1 Rxd4 22. fxe4 h6 23. Qc3 Qc5 24. Qxc5 bxc5 25. Kf2 c4 26. b4 c3 27. a3 c2
28. Rc1 Rd2+ 29. Kf3 Rd3+ 30. Ke2 Rxa3 31. Rxc2 Ra4 32. Rb2 Ra6 33. Kd3 Kf8 34.
Kd4 Ke7 35. e5 Re6 36. Kd5 f6 37. exf6+ Rxf6 38. b5 Rb6 39. Kc5 Kd7 40. Rd2+ Kc7
41. Rf2 Rg6 42. Rf7+ Kb8 43. g3 Kc8 44. Rxa7 Rg5+ 45. Kb6 Rg6+ 46. Ka5 Kb8 47.
Rf7 Rg5 48. Ka6 Rg6+ 49. b6 Kc8 50. Ka7 Rc6 51. b7+ Kd8 52. b8=Q+ Rc8 53. Qd6+
Ke8 54. Rf8# 1-0

[Event "Druzynowe Mistrzostwa Polski Juniorow - I Liga 2023"]
[Site "Lublin"]
[Date "1899-12-30"]
[Round "3.29"]
[White "Arciszewska, Zuzanna"]
[Black "Biliak, Viktoria"]
[Result "1-0"]
[WhiteTitle "I++"]
[BlackTitle "II"]
[WhiteElo "1726"]
[BlackElo "1612"]

1. d4 Nf6 2. c4 e6 3. Nf3 Bb4+ 4. Bd2 Qe7 5. e3 O-O 6. Bd3 d5 7. O-O Ne4 8. Qb3
Bxd2 9. Nbxd2 Nxd2 10. Nxd2 c6 11. f4 Nd7 12. Rf3 f5 13. Rh3 Nf6 14. Rf1 Ne4 15.
Nf3 Rb8 16. Qc2 Bd7 17. Ne5 b5 18. cxb5 cxb5 19. Qc7 Nf6 20. Nc6 Qe8 21. Nxb8
Qxb8 22. Rc1 Qxc7 23. Rxc7 Ra8 24. Rf3 Kf8 25. Rf1 a6 26. h3 Ke7 27. Rfc1 Ne8
28. R7c5 Nd6 29. b3 Kd8 30. g4 g6 31. gxf5 gxf5 32. Kf2 Ne8 33. Kg3 Ke7 34. Kh4
Rb8 35. Rg1 Kf7 36. Be2 Nf6 37. Rc7 a5 38. Bh5+ Kf8 39. Be2 a4 40. b4 Kf7 41.
Bd3 Kf8 42. Kg3 Ke7 43. Kf3 Kf8 44. Rgc1 Ke7 45. Ra7 Ne8 46. Rc5 Nd6 47. Rcc7
Rd8 48. Kg3 Nc4 49. Bxc4 dxc4 50. Kh4 Kd6 51. Rc5 Rg8 52. Ra6+ Ke7 53. Rc7 Rc8
54. Raa7 Rxc7 55. Rxc7 Kd6 56. Rc5 Bc6 57. Kg5 Bd5 58. a3 Bc6 59. Kh6 1-0

[Event "Druzynowe Mistrzostwa Polski Juniorow - I Liga 2023"]
[Site "Lublin"]
[Date "1899-12-30"]
[Round "3.30"]
[White "Kaminska, Zuzanna"]
[Black "Borowik, Monika"]
[Result "0-1"]
[WhiteTitle "I"]
[BlackTitle "I"]
[WhiteElo "1312"]
[BlackElo "1408"]

1. e4 c5 2. Nf3 d6 3. d4 cxd4 4. Qxd4 Nc6 5. Bb5 Bd7 6. Bxc6 Bxc6 7. Nc3 Nf6 8.
Bg5 e5 9. Qd3 Be7 10. O-O-O Qd7 11. Bxf6 gxf6 12. Nh4 O-O-O 13. Nf5 Rhg8 14. Qh3
Kb8 15. Qxh7 Qe6 16. Qh3 Rg5 17. g4 Rc8 18. Rhg1 Bf8 19. Qd3 Rg6 20. h4 Be8 21.
h5 Rg8 22. f3 Rc6 23. Qd5 Ra6 24. a3 Bd7 25. Rg2 Qe8 26. Qd3 Bxf5 27. exf5 Bh6+
28. Kb1 Qe7 29. Ne4 Rd8 30. Qd5 Rb6 31. Rd3 a6 32. Rg1 Rb5 33. Qa2 d5 34. Nc3
Qc5 35. Rgd1 Rc8 36. Ka1 d4 37. Nxb5 Qxb5 38. a4 Qb4 39. Kb1 Rc7 40. Qb3 Qa5 41.
Qa3 Rc4 42. b3 Rc6 43. Qe7 Qd5 44. c4 Qa5 45. Qxf7 Rb6 46. Ka2 Qb4 47. Qg6 Bf8
48. Qe8+ Ka7 49. R1d2 Qa3+ 50. Kb1 Rxb3+ 51. Kc2 Rc3+ 52. Rxc3 Qxc3+ 53. Kd1 Bb4
54. Rh2 Qxf3+ 55. Kc2 Qc3+ 56. Kd1 Qa1+ 57. Ke2 Qb2+ 58. Kd3 Qxh2 59. Qg6 Qg3+
60. Ke4 Qg2+ 61. Kd3 Qf3+ 62. Kc2 Qc3+ 63. Kb1 Ba3 64. h6 Qb2# 0-1

[Event "Druzynowe Mistrzostwa Polski Juniorow - I Liga 2023"]
[Site "Lublin"]
[Date "1899-12-30"]
[Round "3.31"]
[White "Kubik, Rafal"]
[Black "Pisarek, Jan"]
[Result "1/2-1/2"]
[WhiteTitle "I++"]
[BlackTitle "I"]
[WhiteElo "2055"]
[BlackElo "1956"]

1. e4 c5 2. Nf3 e6 3. d4 cxd4 4. Nxd4 Nf6 5. Nc3 Nc6 6. Nxc6 bxc6 7. e5 Nd5 8.
Ne4 Qa5+ 9. c3 Ba6 10. Bxa6 Qxa6 11. b3 Qa5 12. Qd3 f5 13. exf6 Nxf6 14. Nxf6+
gxf6 15. O-O Qd5 16. Qh3 h5 17. Be3 c5 18. Rad1 Qc6 19. c4 Be7 20. f4 f5 21. Qf3
Qxf3 22. Rxf3 d6 23. Bf2 Kf7 24. Be1 a5 25. a3 Ra6 26. Kf1 Bf6 27. Ke2 Rg8 28.
Rg3 Rxg3 29. hxg3 Bb2 30. a4 Bd4 31. Bd2 e5 32. Rh1 Kg6 33. Rd1 e4 34. Rc1 Ra8
35. Rd1 Kf6 36. Rh1 Kg6 1/2-1/2